Xavier Fàbregas : bibliografia 1951-1985 / Maryse Badiou bibliografia 1951-1985 / Maryse Badiou
ISBN:
84-7794-252-8
Descripción Física:
243 p. ; 30 cm
MARC
| LEADER | 00000nam a2200000Ia 4500 | ||
|---|---|---|---|
| 001 | 10675 | ||
| 008 | 160829s9999 xx 000 0 cat d | ||
| 020 | |a 84-7794-252-8 | ||
| 080 | |a A-1-17 | ||
| 100 | |a Badiou, Maryse |9 22339 | ||
| 245 | |a Xavier Fàbregas : |b bibliografia 1951-1985 / Maryse Badiou | ||
| 260 | |a Barcelona : |b Institut del Teatre, Diputació de Barcelona, DL 1993 | ||
| 300 | |a 243 p. ; |c 30 cm | ||
| 600 | 1 | 0 | |a Fàbregas, Xavier, |d 1931-1985 |x Bibliografia |9 54879 |
| 710 | 1 | |a Institut del Teatre (Barcelona, Catalunya) |9 52662 | |
| 901 | |a Arxiu | ||
| 942 | |n 1 | ||
| 952 | |0 0 |1 0 |4 0 |6 A117 |7 1 |9 42177 |a Arxiu |b Arxiu |d 2016-12-01 |l 0 |o A-1-17 |p 10675 |r 2016-12-01 00:00:00 |w 2016-12-01 |y ARXIU | ||
| 999 | |c 44624 |d 44624 | ||